1803 1480 1536 1712 1621 1926 1940 1624 1636 1119 1867 1871 1659 1691 1785 1357 1264 1461 1783 1238 1015 1031 1575 1564 1857 1103 1397 1960 1409 1094 1763 1782 1289 1827 1416 1475 1228 1387 1162 1013 1635 1742 1092 1087 1352 1696 1634 1141 1722 1994 1032 1570 1976 1064 1908 1156 1195 1574 1601 1789 1843 1067 1963 1399 1177 1823 1862 1471 1349 1975 1613 1800 1029 1095 1034 1582 1368 1354 1859 1014 1145 1246 1229 1844 1252 1836 1949 1674 1008 1608 1653 1920 1840 1352 1026 1735 1203 1178 1698 BCNSPRNW ULIB Ver.6.0+V

เปลี่ยนเป็นภาษาไทย

Change to English
 แสดงรายละเอียดบรรณานุกรม
  กลับหน้าหลัก

Brief Record : Get Marc (ISO 2709) : E-mail record : QR code < ปิดหน้าต่าง
LEADER : 00000nam 2200000uu 4500
001    13399111170
003     ULIB
008    110619s2548||||th 000 0 tha d
060  4 WY18.2^bว587อ 2548
110 1  วิทยาลัยพยาบาลเครือข่ายภาคกลาง
245 00 สาระทบทวน วิชา การพยาบาลอนามัยชุมชนและรักษาเบื้องต้น/^cวิทยาลัยพยาบาลเครือข่ายภาคกลาง
250    พิมพ์ครั้งที่ 1
260    กรุงเทพฯ:^bวิทยาลัยพยาบาลเครือข่ายภาคกลาง,^c2548
300    147 หน้า
650  7 การพยาบาลอนามัยชุมชน^xคำถามและคำตอบ
650  7  การรักษาเบื้อต้น^xคำถามและคำตอบ
945    ^p0^l0^i13700
945    ^p0^l0^i13701
995     เกษร
999    ^aใช้งานได้ทุกระบบ
รายการนี้ยังไม่มีแท็ก
คุณยังไม่ได้ล็อกอิน คุณสามารถมีกิจกรรมร่วมกับเว็บไซต์ได้ แต่ต้องล็อกอินก่อน ::
  ล็อกอิน

รายการสื่อสารสนเทศ

ลำดับที่ ประเภท เลขเรียก/บาร์โค้ด สถานที่ สถานะ
- ไม่พบข้อมูล -

BibComment


ยังไม่เคยถูกคอมเมนท์

คอมเมนท์ทรัพยากรรายการนี้
  คอมเมนท์: สาระทบทวน วิชา กา..


 Copyright 2026. Bcnsprnw @Library